A hipertónia gyermekkori ellátásának diagnosztikus és terápiás irányelvei.

Elmentve itt :
Bibliográfiai részletek
Szerzők: Túri Sándor
Reusz György
Dokumentumtípus: Cikk
Megjelent: 2003
Sorozat:GYERMEKORVOS TOVÁBBKÉPZÉS 2 No. 1
Tárgyszavak:
mtmt:1032167
Online Access:http://publicatio.bibl.u-szeged.hu/31057
LEADER 00698nab a2200205 i 4500
001 publ31057
005 20241128134834.0
008 241128s2003 hu o 000 hun d
022 |a 1589-0309 
024 7 |a 1032167  |2 mtmt 
040 |a SZTE Publicatio Repozitórium  |b hun 
041 |a hun 
100 1 |a Túri Sándor 
245 1 2 |a A hipertónia gyermekkori ellátásának diagnosztikus és terápiás irányelvei.  |h [elektronikus dokumentum] /  |c  Túri Sándor 
260 |c 2003 
300 |a 36-41 
490 0 |a GYERMEKORVOS TOVÁBBKÉPZÉS  |v 2 No. 1 
650 4 |a Klinikai orvostan 
700 0 1 |a Reusz György  |e aut 
856 4 0 |u http://publicatio.bibl.u-szeged.hu/31057/1/aok_klny_768_03.pdf  |z Dokumentum-elérés